<?xml version="1.0" encoding="UTF-8"?>
<record
    xmlns:xsi="http://www.w3.org/2001/XMLSchema-instance"
    xsi:schemaLocation="http://www.loc.gov/MARC21/slim http://www.loc.gov/standards/marcxml/schema/MARC21slim.xsd"
    xmlns="http://www.loc.gov/MARC21/slim">

  <leader>02766nam a2200277 a 4500</leader>
  <controlfield tag="001">000005040</controlfield>
  <controlfield tag="003">DO-SdBNP</controlfield>
  <controlfield tag="005">20210817082443.0</controlfield>
  <controlfield tag="008">090729s2004    dr acd        001 0 spa d</controlfield>
  <datafield tag="040" ind1=" " ind2=" ">
    <subfield code="a">DO-SdBNP</subfield>
    <subfield code="b">spa</subfield>
    <subfield code="c">BPMSU</subfield>
  </datafield>
  <datafield tag="082" ind1=" " ind2=" ">
    <subfield code="a">333.72</subfield>
    <subfield code="b">R426p 2004</subfield>
    <subfield code="2">22</subfield>
  </datafield>
  <datafield tag="110" ind1="2" ind2=" ">
    <subfield code="a">Rep&#xFA;blica Dominicana</subfield>
    <subfield code="b">Secretar&#xED;a de Estado de Medio Ambiente y Recursos Naturales.</subfield>
  </datafield>
  <datafield tag="245" ind1="1" ind2="0">
    <subfield code="a">Programa Nacional de Valorizaci&#xF3;n de &#xC1;reas Protegidas /</subfield>
    <subfield code="c">pr&#xF3;logo Frank Moya Pons.</subfield>
  </datafield>
  <datafield tag="260" ind1=" " ind2=" ">
    <subfield code="a">Santo Domingo :</subfield>
    <subfield code="b">Secretar&#xED;a de Estado de Medio Ambiente y Recursos Naturales,</subfield>
    <subfield code="c">2004.</subfield>
  </datafield>
  <datafield tag="300" ind1=" " ind2=" ">
    <subfield code="a">194 p. :</subfield>
    <subfield code="b">il. retrs., tablas ;</subfield>
    <subfield code="c">22 cm.</subfield>
  </datafield>
  <datafield tag="504" ind1=" " ind2=" ">
    <subfield code="a">Bibliograf&#xED;a: p. 194.</subfield>
  </datafield>
  <datafield tag="505" ind1="2" ind2=" ">
    <subfield code="a">Pr&#xF3;logo --</subfield>
    <subfield code="t">Metodolog&#xED;a --</subfield>
    <subfield code="t">Aspectos estrat&#xE9;gicos del sistema nacional de &#xE1;reas protegidas --</subfield>
    <subfield code="t">Programa Nacional de Valorizaci&#xF3;n de las &#xE1;reas protegidas 2003-2004 --</subfield>
    <subfield code="t">Marco l&#xF3;gico 2003-2004 por subprogramas --</subfield>
    <subfield code="t">Planes Operativos por &#xC1;rea Protegida:</subfield>
    <subfield code="t">Parque nacional Jos&#xE9; del Carmen Ram&#xED;rez -- Parque nacional Armando Berm&#xFA;dez -- Parque nacional del Este -- Parque nacional Los Haitises Suroeste -- Parque nacional Los Haitises Nordeste -- Parque nacional Lago Enrriquillo -- Parque nacional Sierra de Bahoruco -- Parque nacional Jaragua -- Parque nacional Cabo Franc&#xE9;s Viejo -- Monumento Natural Loma Isabel de Torres -- Parque nacional de Monte Cristi (Estero Hondo) --Refugio de fauna silvestre Laguna Cabral -- Reserva cientifica loma Guaconejo -- Parque nacional Bah&#xED;a de Maim&#xF3;n -- Monumento natural Dunas de las Calderas -- Reserva antropol&#xF3;gica Cuevas de Borb&#xF3;n (Pomier) -- Parque nacional Monte Cristi -- Parque nacional Nalga de Maco -- Parque hist&#xF3;rico Concepci&#xF3;n de La Vega Vieja -- Parque hist&#xF3;rico La Isabela -- Parque Urbano Los Tres Ojos -- Monumento natural Isla Catalina -- Reserva cientif&#xED;ca de Loma Quita Espuela -- Parque submarino La Caleta -- Parque Litoral Sur Santo Domingo -- Refugio de fauna silvestre Laguna de B&#xE1;varo -- Parque nacional Sierra de Neyba -- Reserva cientif&#xED;ca de &#xC9;bano Verde -- Reserva cient&#xED;fica Villa Elisa -- Parque urbano Mirador Sur --Refugio de vida silvestre Lagunas Redonda y Lim&#xF3;n --</subfield>
    <subfield code="t">Instructivo para talleres de formulaci&#xF3;n y actualizaci&#xF3;n de planes operativos anuales --</subfield>
    <subfield code="t">Lista de &#xE1;reas protegidas.</subfield>
    <subfield code="t">Anexo: Estrategia de mercadeo de las &#xE1;reas protegidas de la Rep&#xFA;blica Dominicana.</subfield>
  </datafield>
  <datafield tag="590" ind1=" " ind2=" ">
    <subfield code="a">Inventariado, 2021/VM</subfield>
  </datafield>
  <datafield tag="650" ind1=" " ind2="4">
    <subfield code="a">&#xC1;reas de conservaci&#xF3;n de recursos naturales</subfield>
    <subfield code="x">Valoraci&#xF3;n</subfield>
    <subfield code="z">Rep&#xFA;blica Dominicana</subfield>
  </datafield>
  <datafield tag="650" ind1=" " ind2="4">
    <subfield code="a">Conservaci&#xF3;n de los recursos naturales</subfield>
    <subfield code="z">Rep&#xFA;blica Dominicana</subfield>
  </datafield>
  <datafield tag="650" ind1=" " ind2="4">
    <subfield code="a">&#xC1;reas protegidas</subfield>
    <subfield code="z">Rep&#xFA;blica Dominicana</subfield>
  </datafield>
  <datafield tag="651" ind1=" " ind2="4">
    <subfield code="a">Pol&#xED;tica ambiental</subfield>
    <subfield code="z">Rep&#xFA;blica Dominicana</subfield>
  </datafield>
  <datafield tag="700" ind1="1" ind2=" ">
    <subfield code="a">Moya Pons, Frank,</subfield>
    <subfield code="d">1944-</subfield>
    <subfield code="e">pr&#xF3;l.</subfield>
  </datafield>
  <datafield tag="910" ind1=" " ind2=" ">
    <subfield code="a">VMateo V. </subfield>
  </datafield>
  <datafield tag="942" ind1=" " ind2=" ">
    <subfield code="2">ddc</subfield>
    <subfield code="c">BK</subfield>
  </datafield>
  <datafield tag="952" ind1=" " ind2=" ">
    <subfield code="0">0</subfield>
    <subfield code="1">0</subfield>
    <subfield code="2">ddc</subfield>
    <subfield code="4">0</subfield>
    <subfield code="7">0</subfield>
    <subfield code="8">CD</subfield>
    <subfield code="a">BPMET</subfield>
    <subfield code="b">BPMET</subfield>
    <subfield code="d">2021-08-17</subfield>
    <subfield code="e">Saturnina N&#xFA;&#xF1;ez</subfield>
    <subfield code="l">0</subfield>
    <subfield code="o">BPMSU CD 333.72 R426p 2004</subfield>
    <subfield code="p">BPMSU21080047</subfield>
    <subfield code="r">2021-08-17</subfield>
    <subfield code="w">2021-08-17</subfield>
    <subfield code="y">BK</subfield>
  </datafield>
  <datafield tag="999" ind1=" " ind2=" ">
    <subfield code="c">13654</subfield>
    <subfield code="d">13654</subfield>
  </datafield>
</record>
